| 000 | 00901nam a2200289 a 4500 | ||
|---|---|---|---|
| 001 | 22715 | ||
| 003 | SK-KTurca | ||
| 005 | 20260421150546.0 | ||
| 008 | 050808s1992 cs 000 0 slo | ||
| 020 | _a8022102490 | ||
| 035 | _aSVKPOKN008533 | ||
| 040 |
_aSVKPOKN _bslo _cSVKPOKN _dSVKPO _eAACR2 |
||
| 041 | 0 |
_aslo _hfre |
|
| 044 |
_acs _cCS |
||
| 080 | _a840-3=854 | ||
| 100 | 1 | _aFerriére, Jean Pierre | |
| 245 | 1 | 0 |
_aKým príde láska _cJean Pierre Ferriére; Ružena Jamrichová |
| 250 | _a2. | ||
| 260 |
_aBratislava _bSmena _c1992 _eOlomouc _fMoravské tiskárny |
||
| 300 | _a211 str. | ||
| 490 | 0 |
_aRuža _vzv. 3 |
|
| 653 |
_aTlač _aBrožúry _aLiterárna veda a krásna literatúra _aUmelecký preklad |
||
| 655 | 7 |
_aumelecká literatúra _2svkpo |
|
| 700 | 1 |
_aJamrichová, Ružena, _d1918-2009 _4trl |
|
| 942 |
_2ddc _cKLDO _n0 |
||
| 999 |
_c22715 _d22715 |
||